REDUCING urban violence in the global South: towards safe and inclusive cities/

Zapisane w:
Opis bibliograficzny
Format: Książka
Język:angielski
Wydane: Routledge/Taylor/Francis 2019
Etykiety: Dodaj etykietę
Nie ma etykietki, Dołącz pierwszą etykiete!

MARC

LEADER 00000nam a22000007a 4500
008 210907b ||||| |||| 00| 0 eng d
020 |a  978-0-815-36844-1 
245 |a REDUCING urban violence in the global South:   |b towards safe and inclusive cities/   |c Jennifer Erin Salahub..[et al.].-   |g xxv, 245p.; ill. 
250 |c Jennifer Erin Salahub..[et al.].-  
260 |b  Routledge/Taylor/Francis  |c 2019  |h London:  |i 685487   |l HN981 .V5R25  |m Urban violence – Developing Countries – Prevention.  |m Urban policy – Developing countries  |m Sociology, Urban – Developing countries  |m Salahub, Jennifer Erin [et al.]. 
500 |a “It includes index and references” 
942 |a lcc  |c BK  |e j. o.ifatola 
952 |0 0  |1 0  |2 lcc  |4 0  |6 HN0981 V5 R25  |7 0  |9 3408  |a HOL  |b HOL  |c GJ  |d 2021-09-07  |l 0  |o HN981 .V5R25  |p 2021-67115  |r 2021-09-07 00:00:00  |w 2021-09-07  |y BK 
999 |c 1696  |d 1696